LEADER 01026nam0-22003251--450- 001 990009382700403321 005 20110621132842.0 035 $a000938270 035 $aFED01000938270 035 $a(Aleph)000938270FED01 035 $a000938270 100 $a20110621d1971----km-y0itay50------ba 101 1 $aita$ceng 102 $aIT 105 $a--------001yy 200 1 $aDiagnostica illustrata di laboratorio$fR. Douglas Collins$gillustrazioni a colori di Joseph Alemany$gtraduzione italiana, introduzione e note di Giuseppe Lapponi 210 $aRoma$cIl pensiero scientifico$d1971 215 $aXXIII, 347 p.$cill.$d25 cm 610 0 $aRicerche di laboratorio 676 $a616.75 700 1$aCollins,$bR. Douglas$0291554 702 1$aAlemany,$bJoseph 702 1$aLapponi,$bGiuseppe 801 0$aIT$bUNINA$gRICA$2UNIMARC 901 $aBK 912 $a990009382700403321 952 $aVI C 382$bs.i.$fDMVSF 959 $aDMVSF 996 $aIllustrated manual of laboratory diagnosis$953226 997 $aUNINA LEADER 01195nas 2200433- 450 001 996203509903316 005 20200911054427.5 035 $a(OCoLC)881046112 035 $a(CKB)2670000000554048 035 $a(CONSER)--2014243406 035 $a(DE-599)ZDB2821756-1 035 $a(EXLCZ)992670000000554048 100 $a20131122a20149999 o-- - 101 0 $aeng 181 $ctxt$2rdacontent 182 $cc$2rdamedia 183 $acr$2rdacarrier 200 00$aAnnals of global health 210 1$aPhiladelphia, PA :$cElsevier Inc.,$d[2014]- 215 $a1 online resource 300 $aRefereed/Peer-reviewed 311 $a2214-9996 531 $aANN GLOB HEALTH 531 10$aAnn Glob Health 606 $aWorld health$vPeriodicals 606 $aWorld health$2fast$3(OCoLC)fst01181338 606 $aGlobal Health 608 $aFulltext. 608 $aInternet Resources. 608 $aPeriodicals. 608 $aPeriodicals.$2fast 608 $aPeriodical. 615 0$aWorld health 615 7$aWorld health. 615 12$aGlobal Health. 906 $aJOURNAL 912 $a996203509903316 996 $aAnnals of global health$91894978 997 $aUNISA